Countries of the World Map Quiz - Statistics

General Stats
  • This quiz has been taken 267 times
  • The average score is 57 of 196
Answers on the Map
Answers color-coded by a green-red scale on the quiz's map according to % correct below.
 
Answer Stats
Answer % Correct
Canada
85%
Mexico
81%
USA
78%
Brazil
55%
Chile
52%
Argentina
50%
Russia
48%
South Africa
47%
China
46%
Italy
46%
Germany
45%
Ireland
45%
Spain
45%
Australia
44%
Panama
44%
United Kingdom
44%
Denmark
43%
Finland
43%
France
43%
Guatemala
43%
Japan
43%
Portugal
43%
Egypt
42%
Belgium
41%
Cuba
41%
India
41%
Madagascar
41%
Mongolia
41%
Ukraine
41%
Colombia
40%
Poland
40%
Bahamas
39%
Ecuador
39%
Greece
39%
Iceland
39%
Norway
39%
Paraguay
39%
Peru
39%
Algeria
38%
El Salvador
38%
Jamaica
38%
South Korea
38%
Sweden
38%
Turkey
38%
Indonesia
37%
North Korea
37%
Venezuela
37%
Bolivia
36%
Haiti
36%
Kazakhstan
36%
Saudi Arabia
36%
Switzerland
36%
Afghanistan
35%
Belarus
35%
Belize
35%
Chad
35%
Croatia
35%
Cyprus
35%
Estonia
35%
Iran
35%
Nepal
35%
Netherlands
35%
Uruguay
35%
Costa Rica
34%
Morocco
34%
New Zealand
34%
Nigeria
34%
Philippines
34%
Albania
33%
Austria
33%
Bangladesh
33%
Iraq
32%
Malaysia
32%
Oman
32%
Pakistan
32%
South Sudan
32%
Suriname
32%
Taiwan
32%
Thailand
32%
Tunisia
32%
Cambodia
31%
Ethiopia
31%
Romania
31%
Sri Lanka
31%
Sudan
31%
Vietnam
31%
Yemen
31%
Czech Republic
30%
Democratic Republic of the Congo
30%
Dominican Republic
30%
Honduras
30%
Hungary
30%
Libya
30%
Niger
30%
Somalia
30%
United Arab Emirates
30%
Bosnia and Herzegovina
29%
Bulgaria
29%
Luxembourg
29%
Angola
28%
Cape Verde
28%
Eswatini
28%
Laos
28%
Lesotho
28%
Nicaragua
28%
Papua New Guinea
28%
Central African Republic
27%
Eritrea
27%
Israel
27%
Kenya
27%
Latvia
27%
Lithuania
27%
Mali
27%
Mozambique
27%
Slovakia
27%
Maldives
26%
Armenia
25%
Bhutan
25%
Burkina Faso
25%
Djibouti
25%
Ivory Coast
25%
Jordan
25%
Malta
25%
Myanmar
25%
Namibia
25%
Serbia
25%
Slovenia
25%
Zimbabwe
25%
Azerbaijan
24%
Cameroon
24%
Mauritania
24%
Syria
24%
Togo
24%
Andorra
23%
Botswana
23%
Guyana
23%
Kosovo
23%
Comoros
22%
Equatorial Guinea
22%
Georgia
22%
Kyrgyzstan
22%
Moldova
22%
Montenegro
22%
Qatar
22%
Republic of the Congo
22%
Rwanda
22%
Turkmenistan
22%
Uzbekistan
22%
São Tomé and Príncipe
21%
Senegal
21%
Seychelles
21%
Tajikistan
21%
Zambia
21%
Benin
20%
East Timor
20%
North Macedonia
20%
Uganda
20%
Malawi
19%
Tanzania
19%
Gabon
18%
Ghana
18%
Kuwait
18%
Lebanon
18%
Gambia
17%
Liberia
17%
Burundi
16%
Guinea
16%
Guinea-Bissau
16%
Mauritius
16%
Bahrain
15%
Federated States of Micronesia
15%
Fiji
15%
Kiribati
15%
Sierra Leone
15%
Singapore
15%
Brunei
14%
Vatican City
13%
Liechtenstein
12%
Marshall Islands
12%
Tuvalu
12%
Palau
11%
Trinidad and Tobago
11%
Nauru
10%
Barbados
9%
Solomon Islands
9%
San Marino
8%
Vanuatu
8%
Samoa
7%
Dominica
6%
Grenada
6%
St. Kitts and Nevis
6%
Tonga
6%
Antigua and Barbuda
5%
Monaco
5%
St. Lucia
5%
St. Vincent and the Grenadines
5%
No matching quizzes found
Score Distribution
Percent of People with Each Score
Percentile by Number Answered
Your Score History
You have not taken this quiz